| 000 | 007750000a22002290004500 | ||
|---|---|---|---|
| 999 |
_c4678 _d4678 |
||
| 003 | LSTLib | ||
| 008 | 200814b ||||| |||| 00| 0 eng d | ||
| 020 | _aNot Given | ||
| 041 | _aeng | ||
| 082 | _a344.018 CHA | ||
| 100 |
_aChakravarti, S. C. _914506 |
||
| 245 |
_aLaws Of Industrial Adjudication In India _bA Case-Noted Commentary On The Industrial Disputes Act, 1947 And The Industrial Disputes Act, 1950. |
||
| 260 |
_aCalcutta _bEastern Law House _c1955 |
||
| 300 |
_axii,52 p. _cRS.10.00 |
||
| 650 |
_aIndia _9256 |
||
| 650 |
_aIndustrial Tribunals _91733 |
||
| 650 |
_aAuthorities _914413 |
||
| 650 |
_aLay-Off And Retrenchment _914468 |
||
| 650 |
_aPenalties _93968 |
||
| 650 |
_aStrikes And Lock-Outs _914412 |
||
| 942 |
_cBC _k344.018 _mCHA _2ddc |
||